Jeux Vidéos Ultimate - Retrouvez les titres - Statistiques

Statistiques générales
  • Ce quiz a été pris 246 fois
  • Le résultat moyen est 25 sur 40
Statistiques - réponses
Jeux Vidéo % Correct
{Assassin}'s Creed
97%
{Call} {of} {Duty}: Warzone
96%
{Mortal} Kombat
96%
{Fall} Guys
95%
{Grand} {Theft} {Auto}: San Andreas
95%
{League} of Legends
95%
{Red} {Dead} Redemption
94%
Resident {Evil}
94%
The {Last} of Us
92%
{Crash} Bandicoot
91%
Tomb {Raider}
91%
Super {Meat} Boy
89%
{Pokemon} Diamant et Perle
88%
The {Witcher} 3 : Wild Hunt
86%
Half {Life} 2
85%
{Metal} {Gear} Solid
85%
Age of {Empire}
82%
The {Elder} {Scrolls} V: Skyrim
76%
Ghost of {Tsushima}
74%
{Rainbow} {Six} Siege
73%
{Counter} {Strike} : Global Offensive
72%
{Star} {Wars} : Fallen Order
66%
{Until} Dawn
62%
{Fallout} 76
61%
Cities {Skyline}
58%
{Tom} {Clancy}'s Splinter Cell
56%
Max {Payne} 3
55%
Dark {Souls}
54%
{Uncharted} 4 : A Thief's End
50%
Sid Meier's {Civilization} 6
43%
{Battlefield} 2042
37%
{Hotline} Miami
35%
{Day} Z Standalone
22%
Project {Zomboid}
18%
{Hearts} of Iron 4
15%
{Hell} {Let} Loose
13%
{Total} {War} : Shogun 2
11%
{Company} Of Heroes
9%
The Vanishing of {Ethan} {Carter}
6%
{Insurgency} : Sandstorm
3%
Aucun quiz correspondant
Distribution des résultats
% des personnes avec chaque résultat
Percentile par nombre de réponses
Votre historique - résultats
Vous n’avez pas pris ce quiz